| 000 | 00313 a2200133 4500 | ||
|---|---|---|---|
| 999 |
_c322686 _d322686 |
||
| 001 | 87613 | ||
| 003 | NUST | ||
| 005 | 20180124123527.0 | ||
| 008 | 180124b xxu||||| |||| 00| 0 eng d | ||
| 082 | _a020.7 CHA | ||
| 100 |
_aGeorge Chandler _99695 |
||
| 245 |
_aLibraries in the East _hEnglish |
||
| 250 | _a1st | ||
| 260 |
_aLondon,Newyork _bSeminar Press _c1971 |
||
| 300 | _a214p | ||
| 942 |
_aCAE NUST _cBK _k020.7 CHA _2ddc |
||